[Event "EU-ch (Women) 24th"]
[Site "Rhodes"]
[Date "2024.04.25"]
[Round "6"]
[White "Khotenashvili, Bela"]
[Black "Follana Albelda, Lucia"]
[Result "0-1"]
[WhiteElo "2454"]
[BlackElo "1954"]
[PlyCount "72"]
[EventDate "2024.04.19"]
[EventType "swiss"]
[EventRounds "10"]
[EventCountry "GRE"]
[SourceTitle "CB18_2024"]
[SourceDate "2024.05.01"]
[SourceVersion "1"]
[SourceVersionDate "2024.05.01"]
[SourceQuality "2"]

1. Nf3 Nf6 2. g3 b6 3. Bg2 Bb7 4. 0-0 e6 5. d3 d5 6. Nbd2 Bd6 7. e4 dxe4 8. dxe4 e5 9. Nh4 0-0 10. Nf5 Re8 11. Nc4 Bf8 12. Qe2 Nbd7 13. Rd1 Qb8 14. Bh3 Bc6 15. a4 a5 16. f3 b5 17. axb5 Bxb5 18. Bf1 Nb6 19. b3 a4 20. Be3 Qb7 21. Qd2 Bxc4 22. bxc4 Qc6 23. Bf2 Bc5 24. Qg5 g6 25. Bxc5 Qxc5+ 26. Kg2 Re6 27. Ne3 Kg7 28. Rab1 Qc6 29. Rb5 Nxe4 30. Nf5+ Kh8 31. Rd8+ Rxd8 32. Qxd8+ Re8 33. Ne7 Qxb5 34. Qxc7 Qc5 35. Nxg6+ hxg6 36. Qxf7 Qf2+ 0-1

[Event "GEO-ch (Women) 81st"]
[Site "Tbilisi"]
[Date "2024.02.18"]
[Round "9"]
[White "Lomaia, Diana"]
[Black "Khotenashvili, Bela"]
[Result "0-1"]
[WhiteElo "2001"]
[BlackElo "2464"]
[PlyCount "76"]
[EventDate "2024.02.09"]
[EventType "tourn"]
[EventRounds "9"]
[EventCountry "GEO"]
[SourceTitle "CB08_2024"]
[SourceDate "2024.02.21"]
[SourceVersion "1"]
[SourceVersionDate "2024.02.21"]
[SourceQuality "1"]

1. d4 g6 2. c4 Bg7 3. Nc3 Nf6 4. f3 c5 5. d5 e6 6. e4 d6 7. Bd3 0-0 8. Nge2 a6 9. 0-0 exd5 10. exd5 Ne8 11. Be3 Nd7 12. Qd2 Ne5 13. Rab1 b5 14. cxb5 Nxd3 15. Qxd3 axb5 16. a3 Nc7 17. Qd2 Re8 18. Bg5 f6 19. Bf4 Bb7 20. Rbd1 f5 21. b4 c4 22. Nd4 Rxa3 23. Kh1 Qd7 24. Qc1 Ra6 25. Rf2 Bxd5 26. Rfd2 Bf7 27. Nde2 d5 28. Bxc7 Qxc7 29. Nxb5 Qb7 30. Nbc3 Qxb4 31. Rxd5 Bxd5 32. Nxd5 Qc5 33. Nec3 Rae6 34. Nf4 Rd6 35. Re1 Rxe1+ 36. Qxe1 Qe5 37. Nfe2 Rd3 38. f4 Qe3 0-1

[Event "GEO-ch (Women) 81st"]
[Site "Tbilisi"]
[Date "2024.02.15"]
[Round "6"]
[White "Khotenashvili, Bela"]
[Black "Batsiashvili, Nino"]
[Result "1/2-1/2"]
[WhiteElo "2464"]
[BlackElo "2447"]
[PlyCount "134"]
[EventDate "2024.02.09"]
[EventType "tourn"]
[EventRounds "9"]
[EventCountry "GEO"]
[SourceTitle "CB08_2024"]
[SourceDate "2024.02.21"]
[SourceVersion "1"]
[SourceVersionDate "2024.02.21"]
[SourceQuality "1"]

1. d4 Nf6 2. c4 e6 3. Nf3 Bb4+ 4. Nbd2 0-0 5. a3 Be7 6. e3 d5 7. b4 a5 8. b5 c6 9. Rb1 Bd7 10. Ne5 dxc4 11. Bxc4 Be8 12. 0-0 Nd5 13. Qc2 f6 14. Nd3 cxb5 15. Bxb5 Bg6 16. Bc4 Ra7 17. e4 Nc7 18. Nf4 Bf7 19. Nf3 g5 20. Ne2 Bg6 21. Bd3 Nd7 22. Be3 b6 23. Qa2 Qa8 24. Ng3 Rd8 25. Rfc1 Nf8 26. Rxb6 Rb7 27. Rxb7 Qxb7 28. Qc2 Ne8 29. a4 Bb4 30. h4 g4 31. Nd2 Nd6 32. Nb3 Rc8 33. Nc5 Qf7 34. Qd1 h5 35. Na6 Rxc1 36. Qxc1 Qb7 37. Qc7 Be8 38. Qxb7 Nxb7 39. Bc2 Bd6 40. Ne2 Nd7 41. Bb3 Kf7 42. Bf4 Ke7 43. Nc7 Bf7 44. Nb5 Bb4 45. Na7 Nb6 46. Nb5 Be8 47. Nec3 Nd6 48. Nxd6 Bxd6 49. e5 Bb4 50. exf6+ Kxf6 51. Bg5+ Kf7 52. Nb5 Bxb5 53. axb5 a4 54. Ba2 Nd5 55. g3 Ke8 56. f3 Bc3 57. fxg4 Bxd4+ 58. Kg2 hxg4 59. Bc1 Kd7 60. h5 Kd6 61. Ba3+ Ke5 62. h6 Ne3+ 63. Kh2 Kf6 64. Bb1 Nf1+ 65. Kg2 Ne3+ 66. Kh2 Nf1+ 67. Kg2 Ne3+ 1/2-1/2

[Event "EU-ch Rapid (Women)"]
[Site "Monaco"]
[Date "2024.01.13"]
[Round "3"]
[White "Khotenashvili, Bela"]
[Black "Hrebenshchykova, Yelyzaveta"]
[Result "0-1"]
[WhiteElo "2467"]
[BlackElo "2275"]
[PlyCount "92"]
[EventDate "2024.01.13"]
[EventType "swiss (rapid)"]
[EventRounds "11"]
[EventCountry "MNC"]
[SourceTitle "CB03_2024"]
[SourceDate "2024.01.17"]
[SourceVersion "1"]
[SourceVersionDate "2024.01.17"]
[SourceQuality "1"]

1. Nf3 Nf6 2. g3 g6 3. Bg2 Bg7 4. d4 d5 5. a4 a5 6. c3 0-0 7. 0-0 b6 8. Bf4 Bb7 9. Na3 Na6 10. Qc1 Ne4 11. Bh6 f6 12. Bxg7 Kxg7 13. Nd2 Nd6 14. Qc2 c5 15. e3 e5 16. dxe5 fxe5 17. Rad1 Bc6 18. Ndc4 Nxc4 19. Nxc4 Re8 20. f4 e4 21. Ne5 Qc7 22. c4 d4 23. exd4 cxd4 24. Rxd4 Nc5 25. b3 Rxe5 26. fxe5 Qxe5 27. Rdd1 Nd3 28. Qe2 Rd8 29. Qe3 Qd4 30. Rfe1 Rd7 31. Rxd3 Qxd3 32. Qxb6 Qd2 33. Qe3 Qxe3+ 34. Rxe3 Rd4 35. Kf2 Kf6 36. Bf1 Ke5 37. Rc3 Rd2+ 38. Be2 Kd4 39. Rc1 e3+ 40. Ke1 Rb2 41. Rd1+ Ke4 42. Rd6 Rb1+ 43. Bd1 Bb7 44. Rd7 Bc8 45. Re7+ Kd3 46. Rf7 Bg4 0-1

[Event "EU-ch Blitz (Women)"]
[Site "Monaco"]
[Date "2024.01.12"]
[Round "12"]
[White "Osmak, Iulija"]
[Black "Khotenashvili, Bela"]
[Result "0-1"]
[WhiteElo "2450"]
[BlackElo "2467"]
[PlyCount "76"]
[EventDate "2024.01.12"]
[EventType "swiss (blitz)"]
[EventRounds "13"]
[EventCountry "MNC"]
[SourceTitle "CB03_2024"]
[SourceDate "2024.01.17"]
[SourceVersion "1"]
[SourceVersionDate "2024.01.17"]
[SourceQuality "1"]

1. e4 c6 2. d4 g6 3. f4 d5 4. e5 Nh6 5. Nf3 Bg4 6. h3 Bxf3 7. Qxf3 Nf5 8. c3 e6 9. g4 Nh4 10. Qf2 Be7 11. Bd3 Nd7 12. Be3 Nf5 13. 0-0 Nxe3 14. Qxe3 h5 15. f5 Bg5 16. Qe2 gxf5 17. gxf5 Qb6 18. fxe6 fxe6 19. Bg6+ Kd8 20. Kh1 Kc7 21. Rg1 Bh6 22. b4 a5 23. bxa5 Rxa5 24. Nd2 Qb2 25. Rgd1 Qxc3 26. Nf3 Ra3 27. Rf1 Rf8 28. Rac1 Bxc1 29. Bxh5 Bh6 30. Bg4 Qe3 31. Qg2 Rg8 32. Rb1 Rc3 33. Qb2 b6 34. Qb4 Bf8 35. Qa4 Rxg4 36. Qa7+ Kd8 37. Qa8+ Ke7 38. hxg4 Qxf3+ 0-1

[Event "Wch Rapid (Women)"]
[Site "Samarkand"]
[Date "2023.12.26"]
[Round "2"]
[White "Padmini, Rout"]
[Black "Khotenashvili, Bela"]
[Result "1/2-1/2"]
[WhiteElo "2353"]
[BlackElo "2467"]
[PlyCount "80"]
[EventDate "2023.12.26"]
[EventType "swiss (rapid)"]
[EventRounds "11"]
[EventCountry "UZB"]
[SourceTitle "CB01_2024"]
[SourceDate "2024.01.03"]
[SourceVersion "1"]
[SourceVersionDate "2024.01.03"]
[SourceQuality "1"]

1. e4 c6 2. d4 d5 3. e5 c5 4. dxc5 e6 5. Nf3 Bxc5 6. Bd3 Nc6 7. 0-0 f6 8. exf6 Nxf6 9. Qe2 0-0 10. c4 Nb4 11. Nc3 Nxd3 12. Qxd3 dxc4 13. Qxc4 Qc7 14. Be3 Bd6 15. Qxc7 Bxc7 16. h3 Bd7 17. Rac1 e5 18. Rfd1 Bc6 19. Nd2 Rfd8 20. Nb3 a6 21. f3 Kf7 22. Nc5 Rxd1+ 23. Rxd1 Rd8 24. Rxd8 Bxd8 25. Kf2 Nd5 26. Nxd5 Bxd5 27. a3 h5 28. Ne4 Ke6 29. Nc5+ Kd6 30. Ne4+ Kc6 31. Nc3 Bc4 32. Kg3 a5 33. f4 exf4+ 34. Kxf4 Bf6 35. g4 g6 36. gxh5 gxh5 37. Kf5 Bxc3 38. bxc3 Kb5 39. h4 Ka4 40. Bb6 Kxa3 1/2-1/2

[Event "Wch Rapid (Women)"]
[Site "Samarkand"]
[Date "2023.12.26"]
[Round "4"]
[White "Tokhirjonova, Gulruhbegim"]
[Black "Khotenashvili, Bela"]
[Result "1-0"]
[WhiteElo "2370"]
[BlackElo "2467"]
[PlyCount "48"]
[EventDate "2023.12.26"]
[EventType "swiss (rapid)"]
[EventRounds "11"]
[EventCountry "UZB"]
[SourceTitle "CB01_2024"]
[SourceDate "2024.01.03"]
[SourceVersion "1"]
[SourceVersionDate "2024.01.03"]
[SourceQuality "1"]

1. e4 c6 2. d4 d5 3. e5 c5 4. dxc5 e6 5. Be3 Nd7 6. Bb5 Qc7 7. Nf3 Bxc5 8. Bxc5 Qxc5 9. c4 Ne7 10. Nc3 0-0 11. 0-0 a6 12. Bxd7 Bxd7 13. cxd5 exd5 14. Rc1 Qb6 15. Qd2 Rfd8 16. Rfe1 Be6 17. Na4 Qb5 18. Nc5 Rac8 19. a4 Qb6 20. a5 Qa7 21. Nxe6 fxe6 22. Ng5 Rxc1 23. Rxc1 h6 24. Nxe6 Re8 1-0

[Event "WchT (Women) Final"]
[Site "Bydgoszcz"]
[Date "2023.09.11"]
[Round "3.1"]
[White "Assaubayeva, Bibissara"]
[Black "Khotenashvili, Bela"]
[Result "1/2-1/2"]
[WhiteElo "2469"]
[BlackElo "2480"]
[PlyCount "72"]
[EventDate "2023.09.09"]
[EventType "team-k.o. (rapid)"]
[EventRounds "3"]
[EventCountry "POL"]
[SourceTitle "EXT 2024"]
[Source "ChessBase"]
[SourceDate "2023.10.10"]
[SourceVersion "1"]
[SourceVersionDate "2023.10.10"]
[SourceQuality "1"]
[WhiteTeam "Kazakhstan (W)"]
[BlackTeam "Georgia (W)"]
[WhiteTeamCountry "KAZ"]
[BlackTeamCountry "GEO"]

1. d4 d5 2. c4 e6 3. Nc3 Nf6 4. Nf3 Nbd7 5. cxd5 exd5 6. Bf4 Bb4 7. Qc2 c5 8. a3 Bxc3+ 9. bxc3 0-0 10. e3 Qa5 11. Nd2 Re8 12. Bd3 b6 13. 0-0 Ba6 14. a4 cxd4 15. exd4 Ne4 16. Rfc1 Bxd3 17. Qxd3 Rac8 18. Nxe4 Rxe4 19. Bd6 Rc4 20. Bb4 Qa6 21. Re1 Nf6 22. a5 bxa5 23. Rxe4 dxe4 24. Qf1 a4 25. h3 h5 26. Rxa4 Qxa4 27. Qxc4 Qd1+ 28. Kh2 Qd2 29. Qc8+ Kh7 30. Qf5+ Kg8 31. Ba5 e3 32. fxe3 Qxe3 33. Qc8+ Kh7 34. Qf5+ Kg8 35. Qc8+ Kh7 36. Qf5+ Kg8 1/2-1/2

[Event "WchT (Women) Final"]
[Site "Bydgoszcz"]
[Date "2023.09.11"]
[Round "3.2"]
[White "Khotenashvili, Bela"]
[Black "Assaubayeva, Bibissara"]
[Result "1-0"]
[WhiteElo "2480"]
[BlackElo "2469"]
[PlyCount "101"]
[EventDate "2023.09.09"]
[EventType "team-k.o. (rapid)"]
[EventRounds "3"]
[EventCountry "POL"]
[SourceTitle "EXT 2024"]
[Source "ChessBase"]
[SourceDate "2023.10.10"]
[SourceVersion "1"]
[SourceVersionDate "2023.10.10"]
[SourceQuality "1"]
[WhiteTeam "Georgia (W)"]
[BlackTeam "Kazakhstan (W)"]
[WhiteTeamCountry "GEO"]
[BlackTeamCountry "KAZ"]

1. d4 Nf6 2. c4 g6 3. g3 Bg7 4. Bg2 0-0 5. Nc3 Nc6 6. Nf3 d5 7. cxd5 Nxd5 8. 0-0 Nb6 9. e3 Re8 10. h3 a5 11. Qc2 a4 12. Rd1 Bd7 13. e4 Qc8 14. Kh2 e5 15. dxe5 Nxe5 16. Nxe5 Rxe5 17. f4 Rh5 18. h4 Bg4 19. Rd3 Rc5 20. Be3 Rc4 21. Rc1 Qe8 22. Qd2 Rc8 23. b3 axb3 24. axb3 Rxc3 25. Rcxc3 Bxc3 26. Qxc3 Nd7 27. Bc1 Qe7 28. Bb2 f6 29. e5 fxe5 30. Bxb7 Re8 31. Bc6 Be6 32. Qd2 Nc5 33. Ba3 Rb8 34. Qe3 exf4 35. Qxc5 fxg3+ 36. Kxg3 Qxc5 37. Bxc5 Rxb3 38. Rxb3 Bxb3 39. Kf4 h6 40. Ke5 Kg7 41. Bf3 Bc4 42. Be7 Bb3 43. Bd8 c5 44. Be7 c4 45. Bf6+ Kh7 46. Kd6 Bc2 47. Ke7 Bb3 48. Bd5 g5 49. h5 Bd1 50. Bf7 c3 51. Bxc3 1-0

[Event "WchT (Women) Final"]
[Site "Bydgoszcz"]
[Date "2023.09.10"]
[Round "2.2"]
[White "Khotenashvili, Bela"]
[Black "Lee, Alice"]
[Result "1/2-1/2"]
[WhiteElo "2480"]
[BlackElo "2388"]
[PlyCount "150"]
[EventDate "2023.09.09"]
[EventType "team-k.o. (rapid)"]
[EventRounds "3"]
[EventCountry "POL"]
[SourceTitle "EXT 2024"]
[Source "ChessBase"]
[SourceDate "2023.10.10"]
[SourceVersion "1"]
[SourceVersionDate "2023.10.10"]
[SourceQuality "1"]
[WhiteTeam "Georgia (W)"]
[BlackTeam "United States (W)"]
[WhiteTeamCountry "GEO"]
[BlackTeamCountry "USA"]

1. Nf3 d5 2. g3 c6 3. Bg2 Bg4 4. 0-0 Nf6 5. h3 Bxf3 6. Bxf3 e5 7. d3 Qd7 8. Bg2 Be7 9. e4 0-0 10. Qe2 Qc7 11. Nd2 Re8 12. Re1 Nbd7 13. Nf1 Bc5 14. Bd2 a5 15. a4 Bb4 16. c3 Bf8 17. b4 Nb6 18. Reb1 axb4 19. a5 Nc8 20. cxb4 dxe4 21. dxe4 Nd6 22. Bg5 Be7 23. Rc1 Qd7 24. Nd2 h6 25. Be3 Nb5 26. Nc4 Qe6 27. Qb2 Bd8 28. Na3 Nd6 29. Qc2 Nd7 30. Rd1 Nb8 31. Kh2 Na6 32. Rab1 Nc7 33. Bf1 Qg6 34. f3 Be7 35. Nc4 Nxc4 36. Bxc4 Bg5 37. Bb6 Ne6 38. Rd7 Re7 39. Rxe7 Bxe7 40. Qd3 Qf6 41. Kg2 h5 42. h4 Bd8 43. Be3 Bc7 44. Rd1 Rd8 45. Qb3 Nd4 46. Bxd4 exd4 47. f4 Qg6 48. Qf3 Kf8 49. Bd3 Qg4 50. Qxg4 hxg4 51. Be2 c5 52. bxc5 Bxa5 53. Bxg4 d3 54. e5 d2 55. Rb1 Rd5 56. Bd1 Rxc5 57. Rxb7 Rc1 58. Rb8+ Ke7 59. Rb7+ Bc7 60. Bg4 Kd8 61. Ra7 d1Q 62. Bxd1 Rxd1 63. h5 Kc8 64. Kf3 Rd7 65. Ra6 Kb7 66. Ra3 Rd4 67. g4 f6 68. Re3 Kc6 69. g5 fxe5 70. fxe5 Kd7 71. Re4 Rxe4 72. Kxe4 Ke6 73. g6 Bxe5 74. h6 gxh6 75. g7 Bxg7 1/2-1/2

[Event "FRM-chT (Women)"]
[Site "Ohrid"]
[Date "2023.08.29"]
[Round "4.1"]
[White "Brzovska, Snezana"]
[Black "Khotenashvili, Bela"]
[Result "0-1"]
[WhiteElo "1628"]
[BlackElo "2475"]
[PlyCount "50"]
[EventDate "2023.08.26"]
[EventType "team-tourn"]
[EventRounds "7"]
[EventCountry "MKD"]
[SourceTitle "EXT 2024"]
[Source "ChessBase"]
[SourceDate "2023.10.10"]
[SourceVersion "1"]
[SourceVersionDate "2023.10.10"]
[SourceQuality "1"]

1. e4 c6 2. d4 g6 3. Nf3 Bg7 4. Nc3 d5 5. e5 Nh6 6. Bd3 f6 7. 0-0 0-0 8. h3 Nf7 9. Bf4 Na6 10. a3 Nc7 11. Re1 b6 12. Qd2 Ne6 13. Bg3 Bh6 14. Qe2 f5 15. Bh2 Nfg5 16. Nxg5 Bxg5 17. g3 Nxd4 18. Qd1 e6 19. f4 Be7 20. Kh1 c5 21. Bg1 Nc6 22. Bf1 Bb7 23. Kh2 d4 24. Nb1 Na5 25. c3 Qd5 0-1